000 00865nam a22002537a 4500
001 7841
003 DO-SdBNP
005 20240125110044.0
007 7841
008 160921b2012 mx || 00| 0 spa d
020 _a9781921700873
040 _bBPMSU
_cspa
_dBPMSU
082 4 _a324.97284
_bS194p 2012
_222
100 1 _aSánchez Cerén, Salvador
245 1 3 _aEl país que quiero :
_b2014 elecciones presidenciales en El Salvaldor, la eperanza en el buen vivir está en el corazán de la gente //
_cSalvador Sánchez Cerén
260 _aMéxico :
_bOcean Press y Ocean Sur,
_c2012
300 _a152 p. ;
_b24 cm.
590 _aInventariado, 2024/VM
650 4 _aElecciones
_zEl Salvador
_x
651 4 _aEl Salvador
_xPolítica y gobierno
710 _aBiblioteca Nacional de El Salvador
910 _aVMateo V. Contorl de calidad. BPMSU
942 _2ddc
_cBK
999 _c14542
_d14542